000 00405nam a22001577a 4500
008 200317b ||||| |||| 00| 0 eng d
020 _a9788180547676
082 _a547 SOT
100 _aSoni, P.L
245 _aTextbook of Organic Chemistry
250 _a29th
_b2019
260 _aNew Delhi
_bSultan Chand & Sons
650 _aPharmaceutical Organic Chemisty
700 _aChawla,H.M
942 _2ddc
_cBK
999 _c8561
_d8561